Anuario viveros 2011: plantas frutales y vides comercializadas en Chile
Gespeichert in:
| Körperschaft: | |
|---|---|
| Format: | Buch |
| Sprache: | Spanisch |
| Veröffentlicht: |
Santiago
Asociación Gremial de Viveros Frutales de Chile
2011
|
| Schlagworte: | |
| Tags: |
Tag hinzufügen
Keine Tags, Fügen Sie den ersten Tag hinzu!
|
MARC
| LEADER | 00000cam a2200000 a 4500 | ||
|---|---|---|---|
| 001 | UCF3691 | ||
| 003 | CL-VaPUC | ||
| 008 | 121025e20110000CL |||||||||||||||||spa|d | ||
| 082 | 0 | 4 | |a 631.34 |b ASO |2 21 |
| 110 | 2 | |a Asociación Gremial de Viveros Frutales de Chile |e author |9 565429 | |
| 245 | 1 | 0 | |a Anuario viveros 2011: plantas frutales y vides comercializadas en Chile |
| 300 | |a 153 p | ||
| 942 | |c BK | ||
| 945 | |d 20121025 00:00:00 |a dcastane | ||
| 260 | |a Santiago |b Asociación Gremial de Viveros Frutales de Chile |c 2011 | ||
| 650 | 0 | |a Viveros |9 402857 | |
| 650 | 0 | |a Producción agrícola |9 353481 | |
| 650 | 0 | |a Producción vegetal |9 460687 | |
| 650 | 0 | |a Propagación de plantas |9 339631 | |
| 650 | 0 | |a Estadísticas |9 258644 | |
| 583 | |a last modification |c 20121025 12:11:00 |k Rodrigo Vera | ||
| 999 | |c 349870 |d 349868 | ||
| 952 | |0 0 |1 0 |4 0 |6 631_340000000000000_ASO_2011 |7 0 |8 A |9 452742 |a BIBAGR |b BIBAGR |d 2019-11-22 |i 4919092 |o 631.34 ASO 2011 |p 4919092 |r 2025-01-20 |w 2019-11-22 |y BK |k AGR | ||
| 952 | |0 0 |1 0 |4 0 |6 631_340000000000000_ASO_2011 |7 0 |8 A |9 452743 |a BIBAGR |b BIBAGR |d 2019-11-22 |i 4919106 |o 631.34 ASO 2011 |p 4919106 |r 2025-01-20 |w 2019-11-22 |y BK |k AGR | ||
| 952 | |0 0 |1 0 |4 0 |6 631_340000000000000_ASO_2011 |7 0 |8 A |9 452744 |a BIBAGR |b BIBAGR |d 2019-11-22 |i 4964195 |o 631.34 ASO 2011 |p 4964195 |r 2025-01-20 |w 2019-11-22 |y BK |k AGR | ||
| 952 | |0 0 |1 0 |4 0 |6 631_340000000000000_ASO_2011 |7 0 |8 A |9 452745 |a BIBAGR |b BIBAGR |d 2019-11-22 |i 4964209 |o 631.34 ASO 2011 |p 4964209 |r 2025-01-20 |w 2019-11-22 |y BK |k AGR | ||
| 952 | |0 0 |1 0 |4 0 |6 631_340000000000000_ASO_2011 |7 0 |8 A |9 452746 |a BIBAGR |b BIBAGR |d 2019-11-22 |i 4964217 |o 631.34 ASO 2011 |p 4964217 |r 2025-01-20 |w 2019-11-22 |y BK |k AGR | ||
| 952 | |0 0 |1 0 |4 0 |6 631_340000000000000_ASO_2011 |7 0 |8 A |9 452747 |a BIBAGR |b BIBAGR |d 2019-11-22 |i 4964225 |o 631.34 ASO 2011 |p 4964225 |r 2025-01-20 |w 2019-11-22 |y BK |k AGR | ||
| 952 | |0 0 |1 0 |4 0 |6 631_340000000000000_ASO_2011 |7 0 |8 A |9 452748 |a BIBAGR |b BIBAGR |d 2019-11-22 |i 4964233 |o 631.34 ASO 2011 |p 4964233 |r 2025-01-20 |w 2019-11-22 |y BK |k AGR | ||